Word Chain Puzzle #4 - Statistics

General Stats
  • This quiz has been taken 37 times
  • The average score is 4 of 18
Answer Stats
Hint Answer % Correct
W _ _ _ _ _ _ Weather
100%
R _ _ _ _ _ Report
39%
C _ _ _ Card
36%
T _ _ Top
25%
T _ _ _ _ Table
21%
A _ _ _ Away
18%
B _ _ Bed
18%
B _ _ Bug
18%
G _ _ _ Game
18%
P _ _ Put
18%
S _ _ _ Shot
18%
B _ _ _ Bunk
14%
T _ _ Tan
14%
D _ _ _ _ Dance
11%
L _ _ _ Line
11%
S _ _ _ _ Spray
11%
T _ _ _ _ Trick
11%
C _ _ _ _ _ _ Console
7%
No matching quizzes found
Score Distribution
Percent of People with Each Score
Percentile by Number Answered
Your Score History
You have not taken this quiz